USC Head Football Coaches by Picture - Statistics

General Stats
  • This quiz has been taken 32 times
  • The average score is 8 of 24
Answer Stats
Picture Hint Answer % Correct
2001-2009 Pete Carroll
96%
2022-Present Lincoln Riley
93%
2010-2013 Lane Kiffin
89%
2013 Ed Orgeron
82%
2014-2015 Steve Sarkisian
82%
2013 | 2015-2021 Clay Helton
75%
1960-1975 John McKay
68%
1976-1982 | 1993-1997 John Robinson
54%
2021 Donte Williams
46%
1987-1992 Larry Smith
36%
1998-2000 Paul Hackett
29%
1983-1986 Ted Tollner
25%
1925-1940 Howard Jones
18%
1909-1910 | 1916-1918 Dean Cromwell
7%
1957-1959 Don Clark
4%
1919-1925 Gus Henderson
4%
1904-1907 Harvey Holmes
4%
1888 Henry H. Goddard
4%
1942-1950 Jeff Cravath
4%
1951-1956 Jess Hill
4%
1897 Lewis R. Freeman
4%
1914-1915 Ralph Glaze
4%
1941 Sam Barry
4%
1908 William I. Traeger
4%
No matching quizzes found
Score Distribution
Percent of People with Each Score
Percentile by Number Answered
Your Score History
You have not taken this quiz